Riešenie nosníkov z pružnosti a pevnosti využitím Matlabu

Na minha lista:
Detalhes bibliográficos
Autor principal: Pogányová, Júlia (Author)
Outros Autores: Garan, Martin (Thesis advisor)
Formato: Manuscrito Livro
Idioma:eslovaco
Publicado em: 2021
Assuntos:
Acesso em linha:http://is.stuba.sk/zp/portal_zp.pl?podrobnosti=165612
Tags: Adicionar Tag
Sem tags, seja o primeiro a adicionar uma tag!

MARC

LEADER 00000ntm a22000003a 4500
001 stuzp82505
003 SK-STU
005 20210717210307.2
007 ta
008 150427s2015----xo-----f-mn---000-0-slo-d
040 |a STU  |b slo 
041 0 |a slo 
100 1 |a Pogányová, Júlia  |u 020010  |4 aut  |U SjF Strojnícka fakulta  |T SjF Ústav aplikovanej mechaniky a mechatroniky  |X 98643  |U J0010  |Y 801  |7 98643 
242 0 1 |a Solution of beams from strength and elasticity using Matlab  |y eng 
245 1 0 |a Riešenie nosníkov z pružnosti a pevnosti využitím Matlabu 
260 |c 2021 
650 4 |a priame nosníky  |2 slo 
650 4 |a Matlab  |2 slo 
650 4 |a antisymetria  |2 slo 
650 4 |a lomené nosníky  |2 slo 
650 4 |a symetria  |2 slo 
650 4 |a slabo zakrivené nosníky  |2 slo 
650 4 |a curved beams  |2 eng 
650 4 |a straight beams  |2 eng 
650 4 |a Matlab  |2 eng 
650 4 |a symmetry  |2 eng 
650 4 |a antisymmetry  |2 eng 
650 4 |a frames  |2 eng 
700 1 |a Garan, Martin  |u 020010  |k Z1  |4 ths  |U SjF Strojnícka fakulta  |T SjF Ústav aplikovanej mechaniky a mechatroniky  |X 10008  |U J0010  |Y 801  |7 A000010008 
856 4 |u http://is.stuba.sk/zp/portal_zp.pl?podrobnosti=165612